Construcción de la subjetividad masculina /
Sparad:
| Huvudupphovsman: | |
|---|---|
| Materialtyp: | Text |
| Ämnen: | |
| Taggar: |
Lägg till en tagg
Inga taggar, Lägg till första taggen!
|
MARC
| LEADER | 00000 a a2200000 04500 | ||
|---|---|---|---|
| 001 | 41147 | ||
| 003 | |||
| 040 | |||
| 100 | |a Burin, Mabel | ||
| 245 | |a Construcción de la subjetividad masculina / |c Mabel Burin | ||
| 650 | |a HOMBRES | ||
| 650 | |a DESARROLLO DE LA PERSONALIDAD | ||
| 650 | |a ROL MASCULINO | ||
| 650 | |a PSICOANALISIS | ||
| 650 | |a ANALISIS DE GENERO | ||
| 773 | |g páginas 123-147 | ||
| 999 | |c 24871 |d 24871 | ||
